<?xml version="1.0" encoding="UTF-8"?>
<marc:record xmlns:marc="http://www.loc.gov/MARC21/slim">
   <marc:leader>00000nam a2200000 a 4500</marc:leader>
   <marc:datafield ind1="1" ind2=" " tag="100">
      <marc:subfield code="a">Shadyac, Tom</marc:subfield>
      <marc:subfield code="4">aut</marc:subfield>
      <marc:subfield code="e">Verfasser/-in</marc:subfield>
   </marc:datafield>
   <marc:datafield ind1="0" ind2="0" tag="245">
      <marc:subfield code="a">Patch Adams</marc:subfield>
   </marc:datafield>
   <marc:datafield ind1="0" ind2="0" tag="245">
      <marc:subfield code="b">Ein Doktor mit Herz</marc:subfield>
   </marc:datafield>
   <marc:datafield ind1="0" ind2="0" tag="245">
      <marc:subfield code="c">Shadyac, Tom</marc:subfield>
   </marc:datafield>
   <marc:datafield ind1=" " ind2="1" tag="264">
      <marc:subfield code="a">[sl]</marc:subfield>
   </marc:datafield>
   <marc:datafield ind1="1" ind2=" " tag="520">
      <marc:subfield code="a">Von der Gleichgültigkeit seiner Ärzte entsetzt, beschließt Hunter Patch Adams selbst die Medizinerlaufbahn einzuschlagen und beginnt ein Studium an der Hochschule von Virginia. Dort eckt er nicht nur wegen seiner bunten Hawaii-Hemden, sondern auch mit seinen seltsamen Ansichten und unkonventionellen Heilmethoden an. Von der Gleichgültigkeit seiner Ärzte entsetzt, beschließt Hunter "Patch" Adams selbst die Medizinerlaufbahn einzuschlagen und beginnt ein Studium an der Hochschule von Virginia. Dort eckt er nicht nur wegen seiner bunten Hawaii-Hemden, sondern auch mit seinen seltsamen Ansichten und unkonventionellen Heilmethoden an.</marc:subfield>
   </marc:datafield>
   <marc:datafield ind1=" " ind2=" " tag="338">
      <marc:subfield code="a">Videodisk</marc:subfield>
   </marc:datafield>
</marc:record>
